000 00563nam a2200181Ia 4500
008 151202s9999||||xx |||||||||||||| ||und||
082 _bPNVM-82354
100 _aपै शिरीष.
245 _aनिवडक शिरीष पै.
260 _b"मनोरमा प्रकाशन ,दादर."
260 _c2013
300 _a392
600 _aपै शिरीष.
630 _aनिवडक शिरीष पै.
700 _aपै शिरीष.
730 _aनिवडक शिरीष पै.
942 _cBOOK
999 _c1346962
_d1346959